Sankav (Record no. 211727)
[ view plain ]
| 000 -LEADER | |
|---|---|
| fixed length control field | 00624nam a2200229Ia 4500 |
| 003 - CONTROL NUMBER IDENTIFIER | |
| control field | OSt |
| 005 - DATE AND TIME OF LATEST TRANSACTION | |
| control field | 20240601090900.0 |
| 008 - FIXED-LENGTH DATA ELEMENTS--GENERAL INFORMATION | |
| fixed length control field | 210719s2020 xx 000 0 und d |
| 040 ## - CATALOGING SOURCE | |
| Transcribing agency | AL |
| 041 ## - LANGUAGE CODE | |
| Language code of text/sound track or separate title | Konkani/Nagari |
| 082 ## - DEWEY DECIMAL CLASSIFICATION NUMBER | |
| Classification number | 891.46301 QUAS |
| 100 ## - MAIN ENTRY--PERSONAL NAME | |
| Personal name | QUADROS (Valley) |
| 9 (RLIN) | 151863 |
| Dates associated with a name | वल्ली क्वाड्रास |
| 245 ## - TITLE STATEMENT | |
| Title | Sankav |
| Remainder of title | संकाव |
| 260 ## - PUBLICATION, DISTRIBUTION, ETC. | |
| Place of publication, distribution, etc. | Mangaluru |
| Date of publication, distribution, etc. | 2020 |
| 300 ## - PHYSICAL DESCRIPTION | |
| Extent | 154 |
| Other physical details | PB |
| 365 ## - TRADE PRICE | |
| Price amount | 250 |
| Currency code | Rs |
| 650 ## - SUBJECT ADDED ENTRY--TOPICAL TERM | |
| Topical term or geographic name entry element | Konkani Short Stories |
| 9 (RLIN) | 151864 |
| 650 ## - SUBJECT ADDED ENTRY--TOPICAL TERM | |
| Topical term or geographic name entry element | Konkani Literature |
| 9 (RLIN) | 151865 |
| 700 ## - ADDED ENTRY--PERSONAL NAME | |
| Personal name | KVADRAS (Valli) Ed; |
| 9 (RLIN) | 168615 |
| 906 ## - LOCAL DATA ELEMENT F, LDF (RLIN) | |
| a | Sankav |
| 942 ## - ADDED ENTRY ELEMENTS (KOHA) | |
| Source of classification or shelving scheme | Dewey Decimal Classification |
| Koha item type | Book |
| Withdrawn status | Lost status | Source of classification or shelving scheme | Damaged status | Not for loan | Collection code | Home library | Current library | Date acquired | Source of acquisition | Cost, normal purchase price | Total Checkouts | Full call number | Barcode | Date last seen | Cost, replacement price | Price effective from | Koha item type |
|---|---|---|---|---|---|---|---|---|---|---|---|---|---|---|---|---|---|
| Dewey Decimal Classification | Konkani | St Aloysius Library | St Aloysius Library | 02/05/2021 | Ashawadi Prakashan, Ghansoli, Maharastra-400701 | General Annual | 250.00 | 891.46301 QUAS | 074541 | 07/19/2021 | 200.00 | 07/19/2021 | Book | |||||
| Dewey Decimal Classification | Konkani | St Aloysius Library | St Aloysius Library | 02/05/2021 | Ashawadi Prakashan, Ghansoli, Maharastra-400701 | General Annual | 250.00 | 891.46301 QUAS | 074542 | 07/19/2021 | 200.00 | 07/19/2021 | Book | |||||
| Dewey Decimal Classification | Konkani | St Aloysius Library | St Aloysius Library | 02/05/2021 | Ashawadi Prakashan, Ghansoli, Maharastra-400701 | General Annual | 250.00 | 891.46301 QUAS | 09/27/2024 | 200.00 | 07/19/2021 | Book |